Complicity, censorship and criticism (Record no. 147785)

MARC details
000 -LEADER
fixed length control field 01818nam a2200421 a 4500
001 - CONTROL NUMBER
control field vtls003238104
003 - CONTROL NUMBER IDENTIFIER
control field MY-SjTCS
005 - DATE AND TIME OF LATEST TRANSACTION
control field 20200226115404.0
006 - FIXED-LENGTH DATA ELEMENTS--ADDITIONAL MATERIAL CHARACTERISTICS
fixed length control field m u
007 - PHYSICAL DESCRIPTION FIXED FIELD--GENERAL INFORMATION
fixed length control field cr cn|||||||||
008 - FIXED-LENGTH DATA ELEMENTS--GENERAL INFORMATION
fixed length control field 120829s2011 gw sb 001 0deng d
010 ## - LIBRARY OF CONGRESS CONTROL NUMBER
Canceled/invalid LC control number 2011-001791
020 ## - INTERNATIONAL STANDARD BOOK NUMBER
Canceled/invalid ISBN 9783110237955 (acid-free paper)
020 ## - INTERNATIONAL STANDARD BOOK NUMBER
Canceled/invalid ISBN 9783110237962 (e-book)
035 ## - SYSTEM CONTROL NUMBER
System control number (OCoLC)747413878
035 ## - SYSTEM CONTROL NUMBER
System control number (CaPaEBR)ebr10485478
039 #9 - LEVEL OF BIBLIOGRAPHIC CONTROL AND CODING DETAIL [OBSOLETE]
-- 201208291104
-- wilmina
040 ## - CATALOGING SOURCE
Original cataloging agency CaPaEBR
Transcribing agency CaPaEBR
043 ## - GEOGRAPHIC AREA CODE
Geographic area code e-gx---
050 14 - LIBRARY OF CONGRESS CALL NUMBER
Classification number PT405
Item number .J6725 2011eb
082 04 - DEWEY DECIMAL CLASSIFICATION NUMBER
Classification number 830.9/943109045
Edition number 22
100 1# - MAIN ENTRY--PERSONAL NAME
Personal name Jones, Sara,
Dates associated with a name 1980-
245 10 - TITLE STATEMENT
Title Complicity, censorship and criticism
Medium [electronic resource] :
Remainder of title negotiating space in the GDR literary sphere /
Statement of responsibility, etc. Sara Jones.
260 ## - PUBLICATION, DISTRIBUTION, ETC.
Place of publication, distribution, etc. Berlin ;
-- New York :
Name of publisher, distributor, etc. De Gruyter,
Date of publication, distribution, etc. c2011.
300 ## - PHYSICAL DESCRIPTION
Extent ix, 226 p.
440 #0 - SERIES STATEMENT/ADDED ENTRY--TITLE
Title Interdisciplinary German cultural studies,
International Standard Serial Number 1861-8030 ;
Volume/sequential designation v. 10
504 ## - BIBLIOGRAPHY, ETC. NOTE
Bibliography, etc. note Includes bibliographical references and index.
533 ## - REPRODUCTION NOTE
Type of reproduction Electronic reproduction.
Place of reproduction Palo Alto, Calif. :
Agency responsible for reproduction ebrary,
Date of reproduction 2011.
Note about reproduction Available via World Wide Web.
-- Access may be limited to ebrary affiliated libraries.
600 10 - SUBJECT ADDED ENTRY--PERSONAL NAME
Personal name Kant, Hermann
General subdivision Criticism and interpretation.
600 10 - SUBJECT ADDED ENTRY--PERSONAL NAME
Personal name Heym, Stefan,
Dates associated with a name 1913-2001
General subdivision Criticism and interpretation.
600 10 - SUBJECT ADDED ENTRY--PERSONAL NAME
Personal name Bruning, Elfriede
General subdivision Criticism and interpretation.
650 #0 - SUBJECT ADDED ENTRY--TOPICAL TERM
Topical term or geographic name entry element German literature
Chronological subdivision 20th century
General subdivision History and criticism.
650 #0 - SUBJECT ADDED ENTRY--TOPICAL TERM
Topical term or geographic name entry element Literature and society
Geographic subdivision Germany
General subdivision History
Chronological subdivision 20th century.
650 #0 - SUBJECT ADDED ENTRY--TOPICAL TERM
Topical term or geographic name entry element Censorship in literature.
9 (RLIN) 39605
655 #7 - INDEX TERM--GENRE/FORM
Genre/form data or focus term Electronic books.
Source of term local
710 2# - ADDED ENTRY--CORPORATE NAME
Corporate name or jurisdiction name as entry element ebrary, Inc.
9 (RLIN) 25628
856 40 - ELECTRONIC LOCATION AND ACCESS
Uniform Resource Identifier https://ezproxy.taylors.edu.my/login?url=http://site.ebrary.com/lib/taylorscollege/Doc?id=10485478
Public note An electronic book accessible through the World Wide Web; click to view
Holdings
Withdrawn status Lost status Damaged status Not for loan Home library Current library Date acquired Total Checkouts Date last seen Price effective from Koha item type
      e-book Taylor's Library-TU Taylor's Library-TU 07/02/2020   07/02/2020 07/02/2020 E-Book